000 00204nam a22000977a 4500
003 OSt
008 210116b ||||| |||| 00| 0 eng d
100 _aNair, K. K
_94873
245 _aVeerapathni
942 _cBK
999 _c16613
_d16613